000 00523nam a22001817a 4500
003 CEME
005 20210628201830.0
008 210222b xxu||||| |||| 00| 0 eng d
020 _a1-56081-689-9
040 _c.
082 _a547.12 DOD
100 _aDodziuk, Helena
_957010
245 _aModern conformational analysis, elucidating novel exciting molecular structures
260 _aNEW YORK
_bVCH PUBLISHER
_c1995
300 _aXI,264P
650 _aSTEREOCHEMISTRY CONFORMATIONAL ANALYSIS
_957011
942 _cBK
_2ddc
999 _c567325
_d567325